|
|
|
|
| LEADER |
00976cam a2200253 a 4500 |
| 001 |
0000148894 |
| 005 |
20240312090000.0 |
| 008 |
240312 20212021my # |
| 040 |
|
|
|a KPM
|b eng
|c KPM
|e rda
|
| 090 |
0 |
0 |
|a 320.95
|b MOH
|c f
|d TH
|e 2021
|
| 100 |
1 |
|
|a Mohamad Amar bin Ahmad
|c Lt. Cdr.,
|e author.
|
| 245 |
1 |
0 |
|a THE IMPACT OF EXTERNAL INTERVENTION IN THE BAB EL MANDEB /
|c LT CDR MOHAMAD AMAR BIN AHMAD
|
| 264 |
|
1 |
|a Selangor
|b Defence University of Malaysia
|c 2021
|
| 300 |
|
|
|a ix, 66 pages :
|b illustrations ;
|c 30 cm
|
| 336 |
|
|
|a text
|2 rdacontent
|
| 337 |
|
|
|a unmediated
|2 rdamedia
|
| 338 |
|
|
|a volume
|2 rdacarrier
|
| 504 |
|
|
|a Includes bibliographical references and index
|
| 650 |
|
0 |
|a Thesis and Dissertation academic
|z Malaysia
|
| 650 |
|
0 |
|a Political development
|
| 650 |
|
0 |
|a Thesis
|
| 651 |
|
0 |
|a Red Sea
|
| 852 |
|
|
|a 01
|
| 999 |
|
|
|a TH0026997
|b KEMENTAH
|d THESIS
|e Thesis
|f Perpustakaan KEMENTAH
|j AVAILABLE
|p
|q GOOD CONDITION
|